The Unity of Science in the Arabic Tradition Science, Logic, Epistemology and their Interactions /
Furkejuvvon:
| Váldodahkki: | |
|---|---|
| Searvvušdahkki: | |
| Eará dahkkit: | , |
| Materiálatiipa: | Elektrovnnalaš E-girji |
| Giella: | eaŋgalasgiella |
| Almmustuhtton: |
Dordrecht :
Springer Netherlands,
2008.
|
| Ráidu: | Logic, Epistemology, and The Unity of Science ;
11 |
| Fáttát: | |
| Liŋkkat: | http://dx.doi.org/10.1007/978-1-4020-8405-8 |
| Fáddágilkorat: |
Eai fáddágilkorat, Lasit vuosttaš fáddágilkora!
|
MARC
| LEADER | 00000nam a22000005i 4500 | ||
|---|---|---|---|
| 001 | 0000051581 | ||
| 005 | 20171002052655.0 | ||
| 007 | cr nn 008mamaa | ||
| 008 | 100301s2008 ne | s |||| 0|eng d | ||
| 020 | |a 9781402084058 |9 978-1-4020-8405-8 | ||
| 024 | 7 | |a 10.1007/978-1-4020-8405-8 |2 doi | |
| 035 | |a 0000001667 | ||
| 035 | |a (DE-He213)978-1-4020-8405-8 | ||
| 050 | 4 | |a D1-DX301 | |
| 072 | 7 | |a PDX |2 bicssc | |
| 072 | 7 | |a SCI034000 |2 bisacsh | |
| 082 | 0 | 4 | |a 509 |2 23 |
| 100 | 1 | |a Rahman, Shahid. | |
| 245 | 1 | 4 | |a The Unity of Science in the Arabic Tradition |h [electronic resource] : |b Science, Logic, Epistemology and their Interactions / |c edited by Shahid Rahman, Tony Street, Hassan Tahiri. |
| 260 | |a Dordrecht : |b Springer Netherlands, |c 2008. | ||
| 300 | |b digital. | ||
| 490 | 0 | |a Logic, Epistemology, and The Unity of Science ; |v 11 | |
| 650 | 0 | |a Science |x History. | |
| 650 | 0 | |a Philosophy (General). | |
| 650 | 0 | |a Logic. | |
| 650 | 0 | |a Philosophy, medieval. | |
| 650 | 0 | |a Arabic languages. | |
| 650 | 1 | 4 | |a Science, general. |
| 650 | 2 | 4 | |a History of Science. |
| 650 | 2 | 4 | |a Logic. |
| 650 | 2 | 4 | |a History of Philosophy. |
| 650 | 2 | 4 | |a Arabic. |
| 650 | 2 | 4 | |a Medieval Philosophy. |
| 650 | 2 | 4 | |a Philosophy. |
| 700 | 1 | |a Street, Tony. | |
| 700 | 1 | |a Tahiri, Hassan. | |
| 710 | 2 | |a SpringerLink (Online service) | |
| 773 | 0 | |t Springer eBooks | |
| 776 | 0 | 8 | |i Printed edition: |z 9781402084041 |
| 830 | 0 | |a Logic, Epistemology, and The Unity of Science ; |v 11 | |
| 856 | 4 | 0 | |u http://dx.doi.org/10.1007/978-1-4020-8405-8 |
| 908 | |a 121203 | ||
| 912 | |a ZDB-2-SHU | ||
| 942 | 0 | 0 | |c EB |
| 950 | |a Humanities, Social Sciences and Law (Springer-11648) | ||
| 999 | |c 44947 |d 44947 | ||